000 00269nam a22001217a 4500
008 181023b xxu||||| |||| 00| 0 eng d
041 _aeng
080 _a370
100 _a49
101 _aEDU
245 _aCollege Success Strategies
_cNist.SH.L
942 _2udc
_cBK
999 _c50653
_d50653